书目信息 |
| 题名: |
木版画技法与创作研究
|
|
| 作者: | 肖炽热, 著 | |
| 分册: | ||
| 出版信息: | 长春 东北师范大学出版社 2019.7 |
|
| 页数: | 212页 | |
| 开本: | 24cm | |
| 丛书名: | ||
| 单 册: | ||
| 中图分类: | J217 | |
| 科图分类: | ||
| 主题词: | 版画技法--研究 | |
| 电子资源: | ||
| ISBN: | 978-7-5681-6032-2 | |
| 000 | 01055nam0 2200265 45 | |
| 001 | 012001001314 | |
| 005 | 20130911094614.0 | |
| 010 | @a978-7-5681-6032-2@dCNY59.00 | |
| 099 | @aCAL 012019144071 | |
| 100 | @a20191025d2019 em y0chiy0110 ea | |
| 101 | 0 | @achi |
| 102 | @aCN@b220000 | |
| 105 | @aa a 000yy | |
| 106 | @ar | |
| 200 | 1 | @a木版画技法与创作研究@Amu ban hua ji fa yu chuang zuo yan jiu@f肖炽热著 |
| 210 | @a长春@c东北师范大学出版社@d2019.7 | |
| 215 | @a212页@c图@d24cm | |
| 314 | @a肖炽热(男,1981-),湖南洞口县人。2005年毕业于西安美*学院版画系,获文学学士学位。 | |
| 320 | @a有书目 (第209-211页) | |
| 330 | @a本书系统讲述木版画的各种技法,结合优秀的木版画作品案例,以及作者本人的木版画创作实践,旨在探索当代木版画创作的各种可能性。一、传统木版画技法。二、黑白木刻技法与创作。三、套色木刻技法与创作(1、油印套色木刻2、木版水印)。四、木版综合材料技法与创作。 | |
| 606 | 0 | @a版画技法@x研究 |
| 690 | @aJ217@v5 | |
| 701 | 0 | @a肖炽热,@Axiao chi re@f1981-@4著 |
| 801 | @aCN@b江苏凤凰@c20211018 | |
| 905 | @b1343020-3@dJ217@e1326@f4 | |
| 木版画技法与创作研究/肖炽热著.-长春:东北师范大学出版社,2019.7 |
| 212页:图;24cm |
| ISBN 978-7-5681-6032-2:CNY59.00 |
| 本书系统讲述木版画的各种技法,结合优秀的木版画作品案例,以及作者本人的木版画创作实践,旨在探索当代木版画创作的各种可能性。一、传统木版画技法。二、黑白木刻技法与创作。三、套色木刻技法与创作(1、油印套色木刻2、木版水印)。四、木版综合材料技法与创作。 |
| ● |
| 相关链接 |
|
|
|
|
正题名:木版画技法与创作研究
索取号:J217/1326
 
预约/预借
| 序号 | 登录号 | 条形码 | 馆藏地/架位号 | 状态 | 备注 |
| 1 | 1343020 | 213430205 | 第一样本阅览室/ [索取号:J217/1326] | 在馆 | |
| 2 | 1343021 | 213430214 | 第一借阅区/ [索取号:J217/1326] | 在馆 | |
| 3 | 1343022 | 213430223 | 第一借阅区/ [索取号:J217/1326] | 在馆 | |
| 4 | 1343023 | 213430232 | 第一借阅区/ [索取号:J217/1326] | 在馆 |